=LDR 00000nam 2200000 4500 =001 INLIS000000000038445 =005 20130612144119 =008 ***********************************Ind** =035 ##$$a0010-061300000038445 =041 ##$$a Ind =082 ##$$a 658.1 =090 ##$$a 658.1, Gas c =100 ##$$a Gaspersz, Vincent =245 ##$$a Continous cost reducation lean - sigma approach, Strategi diamatik reduksi biaya dan pemborosan menggunakan pendekatan lean - Sigma, Vincent Gaspersz =260 ##$$a 2006 $b Jakarta =300 ##$$a 235 hlm, Ilus, 23 cm =650 ##$$a Manajemen Organisasi Dan Keuangan =850 ##$$a NBPNMAT =990 ##$$a 0001/BPAP-NTB/20142014